00698nam a2200241 a 4500001001300000003000900013005001700022008004100039020001100080082001300091100002200104245005700126260003800183300000800221500003500229505001000264650001900274700002200293902000800315942000700323952011100330999001500441nice12345678IN_TiNIC20260116011811.0050524s1954 lona grp 000 0 eng  ac43.800a241bSAY aSayers, Dorothy L aCreed Or Chaos? and Other Essays in Popular Theology aLondonbMethuen and Companyc1954 a88p aincludes index and biblioraphy2 aIndex aTheology-Moral1 aSayers, Dorothy L bSRS cBK 001040708StackRoom-aHMIbHMId2007-06-29g43.80l0o241 SAYp06478r2007-06-29v43.80w2005-05-24yBK c4071d4071